| 000 | 01085cam a22003255a 4500 | ||
|---|---|---|---|
| 001 | 15340550 | ||
| 005 | 20161001110655.0 | ||
| 008 | 080623t2008 nyua fr 001 0 eng d | ||
| 010 | _a 2008299538 | ||
| 015 |
_aGBA781167 _2bnb |
||
| 016 | 7 |
_a014056725 _2Uk |
|
| 020 | _a9780071487818 (pbk.) | ||
| 020 | _a0071487816 (pbk.) | ||
| 035 | _a(OCoLC)ocn174129511 | ||
| 040 |
_aUKM _beng _cUKM _dBTCTA _dBAKER _dYDXCP _dEGM _dQBX _dDPL _dDLC _dEG-ScBUE |
||
| 082 | 0 | 4 |
_a620.106076 _bPOT _222 |
| 100 | 1 |
_aPotter, Merle C. _912513 |
|
| 245 | 1 | 0 |
_aFluid mechanics / _cMerle Potter, David c. Wiggert. |
| 246 | 3 | 3 | _aSchaum’s outline of fluid mechanics |
| 260 |
_aNew York : _bMcGraw-Hill, _cc.2008. |
||
| 300 |
_ax, 248 p. : _bill. ; _c28 cm. |
||
| 490 | 0 | _aSchaum’s outline series | |
| 500 | _aIndex : p. 245-248. | ||
| 650 | 7 |
_aFluid mechanics _vProblems, exercises, etc. _2BUEsh _932756 |
|
| 651 | _2BUEsh | ||
| 653 |
_bENGELC _cOctober2016 |
||
| 700 | 1 |
_aWiggert, D. C. _941293 |
|
| 856 | 4 | 1 |
_3Table of contents _uhttp://www.loc.gov/catdir/toc/fy0804/2008299538.html |
| 942 | _2ddc | ||
| 999 |
_c22436 _d22408 |
||